Hurricane Hazel : Canada's storm of the century /

Bibliographic Details
Main Author: Gifford, Jim
Format: Book
Language:English
Published: Toronto : Dundurn Press, [2004]
Subjects:

MARC

Tag First Indicator Second Indicator Subfields
LEADER 00000pam a2200000 a 4500
001 in00002012264
005 20151031155605.0
008 040519s2004 oncab b 000 0 eng
020 |a 1550025260 (pbk.) 
035 |a (OCoLC)ocm55510836 
040 |a NLC  |b eng  |c NLC  |d C#P  |d TXA  |d UtOrBLW 
043 |a n-cn-on 
049 |a TXAM 
055 0 2 |a HV636* 
055 0 0 |a HV636 1954.O5  |b G535 2004 
082 0 |a 971.3/5404  |2 22 
090 |a QC945  |b .H8672 2004 
100 1 |a Gifford, Jim. 
245 1 0 |a Hurricane Hazel :  |b Canada's storm of the century /  |c Jim Gifford ; [foreword by Mike Filey]. 
264 1 |a Toronto :  |b Dundurn Press,  |c [2004] 
264 4 |c ©2004 
300 |a 104 pages :  |b illustrations, maps ;  |c 23 cm. 
336 |a text  |b txt  |2 rdacontent 
337 |a unmediated  |b n  |2 rdamedia 
338 |a volume  |b nc  |2 rdacarrier 
504 |a Includes bibliographical references (pages [103]-104). 
650 0 |a Hurricane Hazel, 1954. 
650 0 |a Hurricanes  |z Ontario  |z Toronto  |x History  |y 20th century. 
651 0 |a Toronto (Ont.)  |x History. 
948 |a cataloged  |b h  |c 2005/1/5  |d c  |e dmitchel  |f 9:30:20 am 
994 |a E0  |b TXA 
999 |a MARS 
999 f f |s fb2c9c83-ee07-3df9-9981-c23ee1862c1b  |i 9470aac4-5d81-3a28-8184-a57990a2767d  |t 0 
952 f f |p normal  |a Texas A&M University  |b College Station  |c Sterling C. Evans Library  |d Evans: Library Stacks  |t 0  |e QC945 .H8672 2004  |h Library of Congress classification  |i unmediated -- volume  |m A14831714362 
998 f f |a QC945 .H8672 2004  |t 0  |l Evans: Library Stacks